<?xml version="1.0" encoding="UTF-8"?>
<record
    xmlns:xsi="http://www.w3.org/2001/XMLSchema-instance"
    xsi:schemaLocation="http://www.loc.gov/MARC21/slim http://www.loc.gov/standards/marcxml/schema/MARC21slim.xsd"
    xmlns="http://www.loc.gov/MARC21/slim">

  <leader>00814nam a2200193Ia 4500</leader>
  <datafield tag="952" ind1=" " ind2=" ">
    <subfield code="0">0</subfield>
    <subfield code="1">0</subfield>
    <subfield code="4">0</subfield>
    <subfield code="7">0</subfield>
    <subfield code="a">04</subfield>
    <subfield code="b">04</subfield>
    <subfield code="d">2007-07-17</subfield>
    <subfield code="l">8</subfield>
    <subfield code="m">3</subfield>
    <subfield code="o">HJ2005 R54 2003</subfield>
    <subfield code="p">04 001140</subfield>
    <subfield code="r">2017-02-01</subfield>
    <subfield code="s">2016-02-12</subfield>
    <subfield code="t">1</subfield>
    <subfield code="w">2012-06-24</subfield>
    <subfield code="y">LB</subfield>
  </datafield>
  <datafield tag="952" ind1=" " ind2=" ">
    <subfield code="0">0</subfield>
    <subfield code="1">0</subfield>
    <subfield code="4">0</subfield>
    <subfield code="7">0</subfield>
    <subfield code="a">04</subfield>
    <subfield code="b">04</subfield>
    <subfield code="d">2007-07-17</subfield>
    <subfield code="l">14</subfield>
    <subfield code="m">4</subfield>
    <subfield code="o">HJ2005 R54 2003</subfield>
    <subfield code="p">04 001141</subfield>
    <subfield code="r">2015-03-12</subfield>
    <subfield code="s">2015-03-12</subfield>
    <subfield code="t">2</subfield>
    <subfield code="w">2012-06-24</subfield>
    <subfield code="y">LB</subfield>
  </datafield>
  <datafield tag="952" ind1=" " ind2=" ">
    <subfield code="0">0</subfield>
    <subfield code="1">0</subfield>
    <subfield code="4">0</subfield>
    <subfield code="7">0</subfield>
    <subfield code="a">04</subfield>
    <subfield code="b">04</subfield>
    <subfield code="d">2008-06-13</subfield>
    <subfield code="l">20</subfield>
    <subfield code="m">5</subfield>
    <subfield code="o">HJ2005 R54 2003</subfield>
    <subfield code="p">04 001142</subfield>
    <subfield code="r">2016-04-13</subfield>
    <subfield code="s">2016-04-13</subfield>
    <subfield code="t">3</subfield>
    <subfield code="w">2012-06-24</subfield>
    <subfield code="y">LB</subfield>
  </datafield>
  <datafield tag="952" ind1=" " ind2=" ">
    <subfield code="0">0</subfield>
    <subfield code="1">0</subfield>
    <subfield code="4">0</subfield>
    <subfield code="7">0</subfield>
    <subfield code="a">04</subfield>
    <subfield code="b">04</subfield>
    <subfield code="d">2008-06-13</subfield>
    <subfield code="l">11</subfield>
    <subfield code="m">1</subfield>
    <subfield code="o">HJ2005 R54 2003</subfield>
    <subfield code="p">04 001143</subfield>
    <subfield code="r">2015-03-12</subfield>
    <subfield code="s">2013-11-10</subfield>
    <subfield code="t">4</subfield>
    <subfield code="w">2012-06-24</subfield>
    <subfield code="y">LB</subfield>
  </datafield>
  <datafield tag="952" ind1=" " ind2=" ">
    <subfield code="0">0</subfield>
    <subfield code="1">0</subfield>
    <subfield code="4">0</subfield>
    <subfield code="7">0</subfield>
    <subfield code="a">04</subfield>
    <subfield code="b">04</subfield>
    <subfield code="d">2008-06-13</subfield>
    <subfield code="l">8</subfield>
    <subfield code="m">1</subfield>
    <subfield code="o">HJ2005 R54 2003</subfield>
    <subfield code="p">04 001144</subfield>
    <subfield code="r">2015-03-12</subfield>
    <subfield code="s">2015-03-12</subfield>
    <subfield code="t">5</subfield>
    <subfield code="w">2012-06-24</subfield>
    <subfield code="y">LB</subfield>
  </datafield>
  <datafield tag="952" ind1=" " ind2=" ">
    <subfield code="0">0</subfield>
    <subfield code="1">0</subfield>
    <subfield code="4">0</subfield>
    <subfield code="7">0</subfield>
    <subfield code="a">04</subfield>
    <subfield code="b">04</subfield>
    <subfield code="d">2008-06-13</subfield>
    <subfield code="l">12</subfield>
    <subfield code="m">2</subfield>
    <subfield code="o">HJ2005 R54 2003</subfield>
    <subfield code="p">04 001145</subfield>
    <subfield code="r">2015-03-12</subfield>
    <subfield code="s">2015-03-12</subfield>
    <subfield code="t">6</subfield>
    <subfield code="w">2012-06-24</subfield>
    <subfield code="y">LB</subfield>
  </datafield>
  <datafield tag="952" ind1=" " ind2=" ">
    <subfield code="0">0</subfield>
    <subfield code="1">0</subfield>
    <subfield code="4">0</subfield>
    <subfield code="7">0</subfield>
    <subfield code="a">04</subfield>
    <subfield code="b">04</subfield>
    <subfield code="d">2008-06-13</subfield>
    <subfield code="l">14</subfield>
    <subfield code="o">HJ2005 R54 2003</subfield>
    <subfield code="p">04 001146</subfield>
    <subfield code="r">2015-03-12</subfield>
    <subfield code="s">2015-03-12</subfield>
    <subfield code="t">7</subfield>
    <subfield code="w">2012-06-24</subfield>
    <subfield code="y">LB</subfield>
  </datafield>
  <datafield tag="952" ind1=" " ind2=" ">
    <subfield code="0">0</subfield>
    <subfield code="1">0</subfield>
    <subfield code="4">0</subfield>
    <subfield code="7">0</subfield>
    <subfield code="a">04</subfield>
    <subfield code="b">04</subfield>
    <subfield code="d">2008-06-13</subfield>
    <subfield code="l">21</subfield>
    <subfield code="o">HJ2005 R54 2003</subfield>
    <subfield code="p">04 001147</subfield>
    <subfield code="r">2025-12-15</subfield>
    <subfield code="s">2025-12-10</subfield>
    <subfield code="t">8</subfield>
    <subfield code="w">2012-06-24</subfield>
    <subfield code="y">LB</subfield>
  </datafield>
  <datafield tag="952" ind1=" " ind2=" ">
    <subfield code="0">0</subfield>
    <subfield code="1">0</subfield>
    <subfield code="4">0</subfield>
    <subfield code="7">0</subfield>
    <subfield code="a">04</subfield>
    <subfield code="b">04</subfield>
    <subfield code="d">2008-06-13</subfield>
    <subfield code="l">10</subfield>
    <subfield code="m">2</subfield>
    <subfield code="o">HJ2005 R54 2003</subfield>
    <subfield code="p">04 001148</subfield>
    <subfield code="r">2025-12-08</subfield>
    <subfield code="s">2015-03-06</subfield>
    <subfield code="t">9</subfield>
    <subfield code="w">2012-06-24</subfield>
    <subfield code="y">LB</subfield>
  </datafield>
  <datafield tag="952" ind1=" " ind2=" ">
    <subfield code="0">0</subfield>
    <subfield code="1">0</subfield>
    <subfield code="2">lcc</subfield>
    <subfield code="4">0</subfield>
    <subfield code="7">0</subfield>
    <subfield code="a">12</subfield>
    <subfield code="b">12</subfield>
    <subfield code="d">2017-11-16</subfield>
    <subfield code="l">5</subfield>
    <subfield code="m">2</subfield>
    <subfield code="o">HJ2005 R54 2000</subfield>
    <subfield code="p">24 000443</subfield>
    <subfield code="r">2024-09-25</subfield>
    <subfield code="s">2019-10-31</subfield>
    <subfield code="t">1</subfield>
    <subfield code="w">2017-11-16</subfield>
    <subfield code="y">LB</subfield>
  </datafield>
  <datafield tag="952" ind1=" " ind2=" ">
    <subfield code="0">0</subfield>
    <subfield code="1">0</subfield>
    <subfield code="2">lcc</subfield>
    <subfield code="4">0</subfield>
    <subfield code="7">0</subfield>
    <subfield code="a">12</subfield>
    <subfield code="b">12</subfield>
    <subfield code="d">2018-06-14</subfield>
    <subfield code="l">1</subfield>
    <subfield code="o">HJ2005 R54 2003</subfield>
    <subfield code="p">24 000519</subfield>
    <subfield code="r">2024-09-25</subfield>
    <subfield code="s">2019-01-23</subfield>
    <subfield code="t">2</subfield>
    <subfield code="w">2018-06-14</subfield>
    <subfield code="y">LB</subfield>
  </datafield>
  <datafield tag="999" ind1=" " ind2=" ">
    <subfield code="c">62016</subfield>
    <subfield code="d">62016</subfield>
  </datafield>
  <controlfield tag="008">120625s2003    mx      r     001 0 spa d</controlfield>
  <datafield tag="020" ind1=" " ind2=" ">
    <subfield code="a">9706863575</subfield>
  </datafield>
  <datafield tag="050" ind1=" " ind2="4">
    <subfield code="a">HJ2005</subfield>
    <subfield code="b">R54 2003</subfield>
  </datafield>
  <datafield tag="100" ind1="1" ind2=" ">
    <subfield code="a">R&#xED;o Gonz&#xE1;lez, Crist&#xF3;bal del</subfield>
    <subfield code="e"> , autor</subfield>
  </datafield>
  <datafield tag="245" ind1="1" ind2="3">
    <subfield code="a">El presupuesto </subfield>
    <subfield code="c"> / Crist&#xF3;bal del R&#xED;o Gonz&#xE1;lez</subfield>
  </datafield>
  <datafield tag="250" ind1=" " ind2=" ">
    <subfield code="a">9a. edici&#xF3;n</subfield>
  </datafield>
  <datafield tag="260" ind1=" " ind2=" ">
    <subfield code="a">M&#xE9;xico</subfield>
    <subfield code="b"> : Thomson</subfield>
    <subfield code="c"> , 2003</subfield>
  </datafield>
  <datafield tag="300" ind1=" " ind2=" ">
    <subfield code="a">[paginaci&#xF3;n varia] </subfield>
    <subfield code="c"> ; 22 cm. </subfield>
  </datafield>
  <datafield tag="505" ind1="0" ind2=" ">
    <subfield code="a">Generalidades 
Tradicional 
&#xC1;reas y niveles de responsabilidad 
Programas y actividades 
Base Cero
Teor&#xED;a y pr&#xE1;ctica </subfield>
  </datafield>
  <datafield tag="519" ind1=" " ind2=" ">
    <subfield code="a">Plan Flexible / </subfield>
    <subfield code="b">Administraci&#xF3;n / </subfield>
    <subfield code="c">Planeaci&#xF3;n Financiera I (0422-2) / </subfield>
    <subfield code="d">(24 000443) </subfield>
  </datafield>
  <datafield tag="519" ind1=" " ind2=" ">
    <subfield code="a">Plan Flexible / </subfield>
    <subfield code="b">Administraci&#xF3;n / </subfield>
    <subfield code="c">Planeaci&#xF3;n Financiera II (0428-1) / </subfield>
    <subfield code="d">(24 000519) </subfield>
  </datafield>
  <datafield tag="650" ind1=" " ind2="4">
    <subfield code="a">PRESUPUESTO</subfield>
  </datafield>
  <datafield tag="942" ind1=" " ind2=" ">
    <subfield code="c">LB</subfield>
    <subfield code="2">lcc</subfield>
  </datafield>
</record>
